000 00605nam a2200229Ia 4500
003 OSt
005 20220928135655.0
006 a|||||r|||| 00| 0
007 ta
008 220927b |||||||| |||| 00| 0 eng d
024 _a4561
037 _cTextual
040 _aSDCL
_cSDCL
_beng
041 _2eng
_aeng
082 _aX:54.1'N9, N1
100 _aMurphy Craig N Ed.
245 0 _aNew international political economy
260 _c1991
700 _a Tooze Roger Ed.
_9492601
942 _hX:54.1'N9, N1
_cTEXL
_2CC
999 _c808223
_d808223